U.S. Newspapers Quiz - Statistics

General Stats
  • This quiz has been taken 10,626 times
    10,619 since last reset
  • The average score is 6 of 22
Answer Stats
City Newspaper % Correct
New York Times
99%
Washington Post
81%
Miami Herald
64%
Chicago Tribune
64%
Baltimore Sun
51%
Kansas City Star
43%
Houston Chronicle
34%
Philadelphia Inquirer
30%
Sacramento Bee
24%
Detroit Free Press
22%
Dallas Morning News
18%
Orlando Sentinel
18%
Cleveland Plain Dealer
15%
Atlanta Journal-Constitution
14%
New Orleans Times-Picayune
13%
St. Louis Post-Dispatch
11%
Hartford Courant
10%
San Jose Mercury News
9%
Minneapolis Star Tribune
9%
Portland Oregonian
7%
San Diego Union-Tribune
4%
Las Vegas Review-Journal
3%
No matching quizzes found
Score Distribution
Percent of People with Each Score
Percentile by Number Answered
Your Score History
You have not taken this quiz since the last reset